00529pab a2200169 454500008004000000100002000040245007400060260000900134300001100143362000900154650001300163700001800176773003200194909001000226999001700236952010600253180718b1989 xxu||||| |||| 00| 0 eng d aNagarjan, Mohan aProfitability and size of firms in the Indian pharmaceutical industry c1989 a405-29 aApr. aIndustry aR.R. Barthwal aIndian Journal of Economics a10873 c10873d10873 00104070aIIPAbIIPAd2018-07-19hVolume no: 69, Issue no: 275pAR10908r2018-07-19w2018-07-19yAR